Statistiques concernant Grandes villes françaises sur extraits de la carte de Cassini

Cliquez ici pour prendre le quiz!

Statistiques générales

  • Ce quiz a été pris 66 fois
    (36 depuis la dernière actualisation)
  • Le résultat moyen est 9 sur 15

Statistiques - réponses

Réponse% Correct
Paris
97%
Bordeaux
77%
Lyon
77%
Strasbourg
77%
Le Havre
67%
Marseille
63%
Montpellier
63%
Lille
60%
Nantes
60%
Toulon
57%
Toulouse
53%
Grenoble
43%
Reims
43%
Saint-Étienne
40%
Rennes
17%

Distribution des résultats

Percentile par nombre de réponses

% des personnes avec chaque résultat

Votre développement - résultats

Vous n’avez pas pris ce quiz depuis la dernière actualisation